पुर्वरंग (Record no. 368046)

MARC details
000 -LEADER
fixed length control field 00336nam a2200133Ia 4500
005 - DATE AND TIME OF LATEST TRANSACTION
control field 20251013221637.0
008 - FIXED-LENGTH DATA ELEMENTS--GENERAL INFORMATION
fixed length control field 251010s9999 xx 000 0 und d
041 ## - LANGUAGE CODE
Language code of text/sound track or separate title mar
100 ## - MAIN ENTRY--PERSONAL NAME
Personal name देशपांडे पु.ल.
9 (RLIN) 213820
245 ## - TITLE STATEMENT
Title पुर्वरंग
250 ## - EDITION STATEMENT
Edition statement 1ST
260 ## - PUBLICATION, DISTRIBUTION, ETC. (IMPRINT)
Name of publisher, distributor, etc. Shree vidya
Date of publication, distribution, etc. 1988
300 ## - PHYSICAL DESCRIPTION
Extent 286
Holdings
Withdrawn status Lost status Damaged status Not for loan Home library Current library Date acquired Vendor Cost, normal purchase price Total Checkouts Barcode Date last seen Bill Date Koha item type Original Barcode
        Shri Siddhivinayak Mahila Mahavidyalaya Shri Siddhivinayak Mahila Mahavidyalaya 24/04/2014 Maharshi Karve Stree Shikshan Samstha 40.00   SSMM-ABK-010000050 13/10/2025 14/10/1992 Books ABK010000050